Brawl Stars Brawlers (Pictures) - Statistics

General Stats
  • This quiz has been taken 1,194 times
    1,006 since last reset
  • The average score is 76 of 84
Answer Stats
Picture Answer % Correct
8-bit
99%
Amber
97%
Bea
97%
Bo
97%
Bull
97%
Barley
96%
Brock
96%
Ash
95%
Bibi
95%
Buzz
95%
Carl
95%
Colt
95%
Crow
95%
Angelo
94%
Chester
94%
Dynamike
93%
Edgar
93%
El Primo
93%
Frank
93%
Bonnie
92%
Byron
92%
Darryl
92%
Emz
92%
Jessie
92%
Leon
92%
Nita
92%
Buster
91%
Colette
91%
Doug
91%
Fang
91%
Gus
91%
Jacky
91%
Kit
91%
Max
91%
Mortis
91%
Pam
91%
Poco
91%
Shelly
91%
Spike
91%
Tick
91%
Belle
90%
Charlie
90%
Chuck
90%
Griff
90%
Hank
90%
Kenji
90%
Mandy
90%
Mr. P
90%
Nani
90%
Penny
90%
Piper
90%
Rico
90%
Rosa
90%
Berry
89%
Draco
89%
Gale
89%
Gene
89%
Gray
89%
Grom
89%
Meg
89%
Sandy
89%
Stu
89%
Surge
89%
Tara
89%
Clancy
88%
Cordelius
88%
Eve
88%
Janet
88%
Lily
88%
Lou
88%
Mico
88%
Sam
88%
Lola
87%
Melodie
87%
Otis
87%
Sprout
87%
Moe
86%
R-T
86%
Ruffs
86%
Squeak
86%
Pearl
85%
Willow
84%
Larry & Lawrie
83%
Maisie
82%
No matching quizzes found
Score Distribution
Percent of People with Each Score
Percentile by Number Answered
Your Score History
You have not taken this quiz since the last reset